000 00596nam a2200205Ia 4500
005 20250508164723.0
008 008 250505s9999 xx 000 0 eng d
037 _aTextual
040 _aFEDL
_beng
_cFEDL
041 _aeng
_2eng
084 _a155.82, COL
_qFEDL
100 _aCole Michael
245 0 _aCultural psychology : A once and future discipline
260 _aCambridge
_bThe Belknap Press of Harvard University Press
_c1996
300 _axvi,400p.
365 _aUSD
_b29.95
546 _aMACESE book
942 _cTEXL
_h155.82, COL
999 _c1390758
_d1390758